[Event "1. OEsterreichische Internet Schach Meisterschaft - Vorrunde 3"]
[Site "Online - Playchess.com"]
[Date ""]
[Round "8"]
[Board "85"]
[White "Moerwald, Miriam"]
[Black "Rotter, Harald"]
[Result "0-1"]
[WhiteElo "1760"]
[BlackElo "1854"]
[PlyCount "104"]
[EventDate "2020.04.17"]
[EventRounds "9"]
[EventCountry "AUT"]

1. e4 e6 2. d4 d5 3. Nc3 Nf6 4. e5 Nfd7 5. Nf3 c5 6. dxc5 Bxc5 7. Bd3 Nc6 8. Bf4
Qb6 9. Qe2 Qxb2 10. Nb5 Bb6 11. Nd6+ Kf8 12. O-O Nd4 13. Nxd4 Qxd4 14. Be3 Qxe5 15.
Nb5 a6 16. Na3 Bxe3 17. Qxe3 Qxe3 18. fxe3 Nf6 19. Rf2 Bd7 20. Raf1 Ke7 21. c3 Rhf8
22. Nc2 Bc6 23. Nd4 Bd7 24. Rb1 b5 25. a4 e5 26. Nf3 e4 27. Ne5 exd3 28. Nxd3 Ne4
29. Rf4 Nxc3 30. Rb3 Ne2+ 31. Kh1 Nxf4 32. Nxf4 Be6 33. axb5 axb5 34. g3 Rfb8 35.
Nd3 Ra1+ 36. Kg2 d4 37. Ne5 Bxb3 38. Nc6+ Kd6 39. Nxb8 dxe3 40. Kf3 Re1 41. h4 Bc4
42. Na6 e2 43. Nb4 Rf1+ 44. Ke3 e1=Q+ 45. Kd4 Qxb4 46. g4 Be6+ 47. Kd3 Qc4+ 48. Ke3
Re1+ 49. Kf3 Qf1+ 50. Kg3 Re3+ 51. Kh2 Qf2+ 52. Kh1 Re1#  0-1

[Event "1. OEsterreichische Internet Schach Meisterschaft - Vorrunde 3"]
[Site "Online - Playchess.com"]
[Date ""]
[Round "8"]
[Board "86"]
[White "Kwech, Martin"]
[Black "Galler, Alexander"]
[Result "1-0"]
[WhiteElo "1105"]
[BlackElo "1772"]
[PlyCount "39"]
[EventDate "2020.04.17"]
[EventRounds "9"]
[EventCountry "AUT"]

1. e4 c5 2. Nf3 d6 3. Bb5+ Bd7 4. Bxd7+ Nxd7 5. d4 cxd4 6. Nxd4 g6 7. Nc3 Bg7 8.
O-O Ngf6 9. f3 O-O 10. Be3 a6 11. a3 Rc8 12. Qd3 Nc5 13. Qd2 Nfd7 14. Bh6 Ne5 15.
Bxg7 Kxg7 16. Nde2 f6 17. Nd4 Nc4 18. Qe2 Ne5 19. b4 Ncd7 20. Ne6+  1-0

[Event "1. OEsterreichische Internet Schach Meisterschaft - Vorrunde 3"]
[Site "Online - Playchess.com"]
[Date ""]
[Round "8"]
[Board "87"]
[White "Wilplinger, Hugo"]
[Black "Mittelbach, Eduard"]
[Result "1-0"]
[WhiteElo "1629"]
[BlackElo "1667"]
[PlyCount "77"]
[EventDate "2020.04.17"]
[EventRounds "9"]
[EventCountry "AUT"]

1. e4 d5 2. exd5 Nf6 3. Nc3 Nxd5 4. Nxd5 Qxd5 5. Qf3 e6 6. Qxd5 exd5 7. Nf3 Bg4 8.
Be2 Bc5 9. O-O Nc6 10. c3 O-O 11. d4 Bb6 12. Bf4 Rfe8 13. Rfe1 Re4 14. h3 Bxf3 15.
Bxf3 Rxf4 16. Kf1 Rf5 17. a4 Rg5 18. b4 a5 19. b5 Na7 20. Re7 Kf8 21. Rae1 Rf5 22.
Bg4 Rf6 23. Bf3 g6 24. Bxd5 Rf5 25. Bxb7 Rb8 26. Bf3 Nxb5 27. axb5 Rxb5 28. Rd7 Re8
29. Rxe8+ Kxe8 30. Bc6 Rb1+ 31. Ke2 Kf8 32. Bd5 Ke8 33. Rxf7 Rb2+ 34. Kd3 a4 35.
Rxh7 a3 36. Rh8+ Kd7 37. Ra8 Rxf2 38. Bf3 a2 39. Kc4  1-0

[Event "1. OEsterreichische Internet Schach Meisterschaft - Vorrunde 3"]
[Site "Online - Playchess.com"]
[Date ""]
[Round "8"]
[Board "88"]
[White "Kipman, Felix"]
[Black "Haemmerle, Dietmar"]
[Result "1-0"]
[WhiteElo "1576"]
[BlackElo "1762"]
[PlyCount "97"]
[EventDate "2020.04.17"]
[EventRounds "9"]
[EventCountry "AUT"]

1. e4 e6 2. d4 d5 3. exd5 exd5 4. Nc3 Nf6 5. Bf4 Be7 6. Nf3 c6 7. Bd3 O-O 8. O-O
h6 9. Ne5 Nbd7 10. Qf3 Nxe5 11. dxe5 Ne8 12. Bxh6 Bg5 13. Bxg5 Qxg5 14. Rae1 Bg4
15. Qg3 Qh5 16. e6 fxe6 17. Re5 Qh6 18. Qxg4 Nf6 19. Qxe6+ Kh8 20. Re3 Rae8 21. Qh3
Rxe3 22. Qxe3 Qh5 23. Be2 Qg6 24. Qh3+ Kg8 25. Bd3 Ne4 26. Nxe4 dxe4 27. Bc4+ Rf7
28. Bxf7+ Kxf7 29. Rd1 Qf6 30. Rd7+ Kg6 31. Qg4+ Kh6 32. Qh3+ Kg5 33. Qg3+ Kh6 34.
Rd6 Qxd6 35. Qxd6+ Kg5 36. Qe5+ Kh6 37. Qxe4 g6 38. Qe6 Kg5 39. g4 a6 40. Kg2 Kh6
41. Kg3 Kg7 42. h4 a5 43. g5 a4 44. Qf6+ Kh7 45. Qf7+ Kh8 46. h5 gxh5 47. g6 h4+
48. Kxh4 a3 49. Qh7#  1-0

[Event "1. OEsterreichische Internet Schach Meisterschaft - Vorrunde 3"]
[Site "Online - Playchess.com"]
[Date ""]
[Round "8"]
[Board "90"]
[White "Jeitler, Selina"]
[Black "Dilly, Julian"]
[Result "0-1"]
[WhiteElo "1201"]
[BlackElo "1502"]
[PlyCount "80"]
[EventDate "2020.04.17"]
[EventRounds "9"]
[EventCountry "AUT"]

1. e4 c5 2. Nf3 g6 3. d4 cxd4 4. Nxd4 Bg7 5. Nc3 Nc6 6. Nxc6 bxc6 7. Bf4 Nf6 8. e5
Nh5 9. Bg3 Nxg3 10. hxg3 Bxe5 11. Bc4 O-O 12. Qf3 d5 13. Bd3 Bg7 14. Qf4 Qe8 15.
Qh4 h5 16. f3 Bf6 17. Qf4 Bg7 18. g4 e5 19. Qg5 e4 20. Be2 f6 21. Qh4 exf3 22. gxf3
hxg4 23. Qh7+ Kf7 24. Rh6 Bf5 25. fxg4 Rh8 26. gxf5 Rxh7 27. fxg6+ Ke7 28. Rxh7 Qg8
29. O-O-O Rb8 30. Ba6 Rb6 31. Re1+ Kd6 32. Bd3 Bf8 33. Rxa7 Bh6+ 34. Kb1 Qb8 35.
g7 Rxb2+ 36. Ka1 Bxg7 37. Rxg7 Qb4 38. Rgg1 Qxc3 39. Rb1 Rb6+ 40. Rb2 Qxb2#  0-1

[Event "1. OEsterreichische Internet Schach Meisterschaft - Vorrunde 3"]
[Site "Online - Playchess.com"]
[Date ""]
[Round "8"]
[Board "91"]
[White "Janes, Christian"]
[Black "Moerzinger, Christian Jun."]
[Result "0-1"]
[WhiteElo "1726"]
[BlackElo "1638"]
[PlyCount "126"]
[EventDate "2020.04.17"]
[EventRounds "9"]
[EventCountry "AUT"]

1. e4 e5 2. Nf3 Nc6 3. c3 d6 4. d4 exd4 5. cxd4 g6 6. d5 Nce7 7. Nc3 Bg7 8. Bg5 Bg4
9. Bb5+ Bd7 10. Qa4 h6 11. Bxd7+ Qxd7 12. Qxd7+ Kxd7 13. Bxe7 Nxe7 14. Rc1 f5 15.
O-O fxe4 16. Nxe4 Nxd5 17. b3 Nf4 18. Rcd1 Rhe8 19. Nc5+ Kc6 20. Nd3 Nxd3 21. Rxd3
Re2 22. a4 Rae8 23. g3 a6 24. b4 b5 25. Rc1+ Kb6 26. a5+ Kb7 27. Nh4 g5 28. Nf5 Bf8
29. Ne3 Rb2 30. Nd5 c6 31. Nf6 Ree2 32. Rf3 Rxb4 33. Ng4 Rxg4 34. Rxf8 Rge4 35. Rf7+
Re7 36. Rf6 R2e6 37. Rf8 c5 38. Kg2 b4 39. Rb1 Kc7 40. Rg8 d5 41. Ra8 d4 42. Ra7+
Kb8 43. Rxe7 Rxe7 44. Kf3 d3 45. Rd1 c4 46. h4 c3 47. Rxd3 c2 48. Rd6 c1=Q 49. Rb6+
Ka7 50. Rxb4 Qc3+ 51. Kg2 Qxb4 52. Kh3 Qxa5 53. f3 Qc5 54. hxg5 hxg5 55. Kg4 a5 56.
f4 gxf4 57. gxf4 a4 58. f5 Qd4+ 59. Kg5 Qg7+ 60. Kf4 Qf6 61. Kg4 Rg7+ 62. Kf4 Rg5
63. Ke4 Qxf5+  0-1

[Event "1. OEsterreichische Internet Schach Meisterschaft - Vorrunde 3"]
[Site "Online - Playchess.com"]
[Date ""]
[Round "8"]
[Board "92"]
[White "Kaltenbeck, Dieter"]
[Black "Friedl, Markus"]
[Result "0-1"]
[WhiteElo "1314"]
[BlackElo "1824"]
[PlyCount "51"]
[EventDate "2020.04.17"]
[EventRounds "9"]
[EventCountry "AUT"]

1. a3 e5 2. c3 d5 3. d4 exd4 4. cxd4 Nc6 5. Nf3 Bf5 6. g3 Nf6 7. Bg2 Be7 8. O-O O-O
9. b4 Re8 10. Re1 h6 11. Bd2 a6 12. Qc1 Bf8 13. Nc3 Ne7 14. Ne5 c6 15. h3 Nd7 16.
e3 Nxe5 17. dxe5 Qd7 18. e4 Bxh3 19. Bh1 dxe4 20. Nxe4 Nd5 21. Qc2 Bf5 22. Qc1 Bxe4
23. Rxe4 Qf5 24. Rh4 Rxe5 25. Bxh6 gxh6 26. Qe1  0-1

[Event "1. OEsterreichische Internet Schach Meisterschaft - Vorrunde 3"]
[Site "Online - Playchess.com"]
[Date ""]
[Round "8"]
[Board "93"]
[White "Kellner, Nikolaus"]
[Black "Staudacher, Karl-Heinz"]
[Result "0-1"]
[WhiteElo "1685"]
[BlackElo "1734"]
[PlyCount "64"]
[EventDate "2020.04.17"]
[EventRounds "9"]
[EventCountry "AUT"]

1. g4 d5 2. h3 e6 3. d4 c5 4. Nc3 Nf6 5. Nf3 Nc6 6. Bf4 Qb6 7. Na4 Qa5+ 8. c3 cxd4
9. Nxd4 Nxd4 10. Qxd4 Bd7 11. b3 Ne4 12. O-O-O Bxa4 13. Qxa4+ Qxa4 14. bxa4 Nxc3
15. Rd2 Rc8 16. Kb2 Nxa4+ 17. Kb1 Ba3 18. Bg2 Nc3+ 19. Ka1 O-O 20. Be5 Na4 21. Rb1
b6 22. e4 f6 23. Bg3 Rfd8 24. e5 Rc3 25. exf6 gxf6 26. h4 Rdc8 27. Rdd1 Rc2 28. g5
f5 29. Be5 Nc3 30. Bxc3 R8xc3 31. Bf1 Rxf2 32. Bb5 Rcc2  0-1

[Event "1. OEsterreichische Internet Schach Meisterschaft - Vorrunde 3"]
[Site "Online - Playchess.com"]
[Date ""]
[Round "8"]
[Board "94"]
[White "Ticar, Clemens"]
[Black "Egger, Stefanie"]
[Result "0-1"]
[WhiteElo "1753"]
[BlackElo "1442"]
[PlyCount "45"]
[EventDate "2020.04.17"]
[EventRounds "9"]
[EventCountry "AUT"]

1. d4 d5 2. e4 dxe4 3. f3 exf3 4. Nxf3 e6 5. Bd3 Nf6 6. O-O Be7 7. c3 O-O 8. Bg5
c5 9. dxc5 Bxc5+ 10. Kh1 Nc6 11. Qe2 h6 12. Bxf6 Qxf6 13. Nd4 Nxd4 14. Qe4 Nf5 15.
g4 Bd7 16. gxf5 Bc6 17. Qxc6 bxc6 18. fxe6 Qxe6 19. Nd2 Qd5+ 20. Be4 Qxd2 21. Rad1
Qxb2 22. Rd7 Rad8 23. Rxa7  0-1

[Event "1. OEsterreichische Internet Schach Meisterschaft - Vorrunde 3"]
[Site "Online - Playchess.com"]
[Date ""]
[Round "8"]
[Board "96"]
[White "Studener, Simon"]
[Black "Gaspar, Zdravko"]
[Result "0-1"]
[WhiteElo "1678"]
[BlackElo "1618"]
[PlyCount "54"]
[EventDate "2020.04.17"]
[EventRounds "9"]
[EventCountry "AUT"]

1. e4 c6 2. d4 d5 3. exd5 cxd5 4. c4 Nf6 5. Nc3 a6 6. Nf3 Bf5 7. Bf4 e6 8. Bxb8 Rxb8
9. Ne5 Rc8 10. Qc1 Qa5 11. Qd1 Bb4 12. Qb3 Ne4 13. Rc1 f6 14. Nf3 dxc4 15. Bxc4 b5
16. Bxe6 Bxe6 17. Qxe6+ Kd8 18. Qxe4 Re8 19. Ne5 fxe5 20. Qd5+ Kc7 21. O-O exd4 22.
Nxb5+ Kb8 23. Rxc8+ Rxc8 24. Qe5+ Ka8 25. Qe4+ Kb8 26. Nxd4 Qc5 27. h3 Ka7  0-1

[Event "1. OEsterreichische Internet Schach Meisterschaft - Vorrunde 3"]
[Site "Online - Playchess.com"]
[Date ""]
[Round "8"]
[Board "97"]
[White "Tolstykh, Makarius"]
[Black "Korndon, Hannes"]
[Result "1/2-1/2"]
[WhiteElo "1061"]
[BlackElo "914"]
[PlyCount "73"]
[EventDate "2020.04.17"]
[EventRounds "9"]
[EventCountry "AUT"]

1. c4 e5 2. Nc3 Nf6 3. g3 c6 4. Bg2 Bc5 5. e3 O-O 6. Nge2 d6 7. O-O Bg4 8. d4 exd4
9. exd4 Bxe2 10. Nxe2 Bb4 11. Bd2 Bxd2 12. Qxd2 d5 13. cxd5 cxd5 14. Nf4 Nc6 15.
Rac1 Qd7 16. Rfe1 Rfe8 17. Rxe8+ Rxe8 18. Re1 Rxe1+ 19. Qxe1 Nxd4 20. Qd2 Nf5 21.
Nxd5 Nxd5 22. Qxd5 Qxd5 23. Bxd5 b6 24. Kf1 Kf8 25. Ke2 Ke7 26. Be4 Nd6 27. Bd3 a5
28. Kd2 Ke6 29. Ke3 h6 30. f4 f5 31. h3 g5 32. fxg5 hxg5 33. g4 fxg4 34. hxg4 Ke5
35. b3 b5 36. a4 bxa4 37. bxa4  1/2-1/2

[Event "1. OEsterreichische Internet Schach Meisterschaft - Vorrunde 3"]
[Site "Online - Playchess.com"]
[Date ""]
[Round "9"]
[Board "1"]
[White "Froewis, Georg"]
[Black "Ragger, Markus"]
[Result "0-1"]
[WhiteElo "2457"]
[BlackElo "2679"]
[PlyCount "128"]
[EventDate "2020.04.17"]
[EventRounds "9"]
[EventCountry "AUT"]

1. Nf3 Nf6 2. c4 g6 3. b3 Bg7 4. Bb2 O-O 5. g3 d6 6. d4 c6 7. Bg2 Nbd7 8. O-O Re8
9. Nc3 e5 10. Qc2 e4 11. Ng5 e3 12. fxe3 Qe7 13. e4 h6 14. Nf3 Nxe4 15. Nxe4 Qxe4
16. Qxe4 Rxe4 17. Rae1 Re8 18. e4 c5 19. e5 dxe5 20. Nxe5 Nxe5 21. dxe5 Rb8 22. Bd5
Be6 23. Rd1 Re7 24. Bxe6 fxe6 25. Rd6 b6 26. Rfd1 Kf7 27. Rd8 Rxd8 28. Rxd8 h5 29.
Kf2 Bh6 30. Bc3 Rc7 31. Ke2 Ke7 32. Rg8 Kf7 33. Rd8 Bg5 34. Rd3 Be7 35. Bd2 g5 36.
Rf3+ Kg6 37. Bc3 Rd7 38. Rf1 g4 39. Rf2 Rd8 40. Rf1 Rf8 41. Rd1 Rd8 42. Rf1 Bg5 43.
Rb1 Rf8 44. Rd1 Rf3 45. Bd2 Bxd2 46. Rxd2 Kf5 47. Rd7 Kxe5 48. Rh7 Ke4 49. Rxh5 Rc3
50. Kd2 Rd3+ 51. Ke2 Re3+ 52. Kd2 Kf3 53. Rh6 Re2+ 54. Kd3 Rxa2 55. Rf6+ Kg2 56.
Rf4 Kh3 57. Rf6 Rxh2 58. Rxe6 Kxg3 59. Re7 Ra2 60. Kc3 Kf3 61. Rf7+ Kg2 62. b4 cxb4+
63. Kxb4 g3 64. Kb3 Ra5  0-1

[Event "1. OEsterreichische Internet Schach Meisterschaft - Vorrunde 3"]
[Site "Online - Playchess.com"]
[Date ""]
[Round "9"]
[Board "2"]
[White "Peyrer, Konstantin"]
[Black "Schwabeneder, Florian"]
[Result "0-1"]
[WhiteElo "2286"]
[BlackElo "2431"]
[PlyCount "130"]
[EventDate "2020.04.17"]
[EventRounds "9"]
[EventCountry "AUT"]

1. e4 c5 2. Nf3 d6 3. d4 cxd4 4. Nxd4 Nf6 5. Nc3 Nc6 6. Bg5 e6 7. Qd2 a6 8. O-O-O
Bd7 9. f4 h6 10. Bh4 Be7 11. Bxf6 Bxf6 12. Nxc6 Bxc6 13. Bd3 Qa5 14. Kb1 Bxc3 15.
Qxc3 Qxc3 16. bxc3 Ke7 17. Rhe1 Rac8 18. Kb2 Rc7 19. f5 Rhc8 20. Re3 Bd7 21. Be2
Rc5 22. Red3 Bb5 23. R3d2 Bxe2 24. Rxe2 Rxc3 25. fxe6 fxe6 26. Rf1 e5 27. Ref2 R3c7
28. g4 Ke6 29. h4 Rc4 30. Re1 Rb4+ 31. Kc1 Rcc4 32. Rfe2 Rc3 33. Rd2 Ra3 34. Red1
Rb6 35. c4 Ra4 36. c5 Rc4+ 37. Rc2 Rxc2+ 38. Kxc2 dxc5 39. Rd8 Rb4 40. Re8+ Kf6 41.
g5+ hxg5 42. hxg5+ Kxg5 43. Rxe5+ Kf4 44. Rxc5 g6 45. e5 Kf5 46. Kc3 Rb5 47. Rc7
Kxe5 48. Rg7 Kf6 49. Rg8 g5 50. Rf8+ Kg6 51. Rf1 g4 52. a4 Rf5 53. Rg1 Kg5 54. Rb1
Rf7 55. Kd3 g3 56. Ke3 Kg4 57. Rb6 Kh3 58. Rh6+ Kg2 59. a5 Re7+ 60. Kd2 Kg1 61. Rh5
g2 62. Kd3 Kf2 63. Rf5+ Kg3 64. Rg5+ Kf3 65. Kd2 Re4  0-1

[Event "1. OEsterreichische Internet Schach Meisterschaft - Vorrunde 3"]
[Site "Online - Playchess.com"]
[Date ""]
[Round "9"]
[Board "3"]
[White "Belke, Frank"]
[Black "Platzgummer, Fabian"]
[Result "1/2-1/2"]
[WhiteElo "2273"]
[BlackElo "2336"]
[PlyCount "32"]
[EventDate "2020.04.17"]
[EventRounds "9"]
[EventCountry "AUT"]

1. d4 d5 2. c4 dxc4 3. e4 e5 4. Nf3 exd4 5. Bxc4 Nc6 6. O-O Nf6 7. e5 Nd5 8. Nxd4
Nxd4 9. Qxd4 Be6 10. Nc3 Nxc3 11. Qxc3 Be7 12. Bxe6 fxe6 13. Be3 O-O 14. Rad1 Qc8
15. Bc5 Bxc5 16. Qxc5 Rf7  1/2-1/2

[Event "1. OEsterreichische Internet Schach Meisterschaft - Vorrunde 3"]
[Site "Online - Playchess.com"]
[Date ""]
[Round "9"]
[Board "4"]
[White "Perhinig, Robert"]
[Black "Morgunov, Marc"]
[Result "1-0"]
[WhiteElo "2252"]
[BlackElo "2341"]
[PlyCount "65"]
[EventDate "2020.04.17"]
[EventRounds "9"]
[EventCountry "AUT"]

1. d4 Nf6 2. Bg5 Ne4 3. Bf4 d5 4. e3 c5 5. Bd3 Nc6 6. Bxe4 dxe4 7. d5 Nb4 8. Nc3
e6 9. d6 f5 10. f3 Nc6 11. fxe4 e5 12. d7+ Bxd7 13. Bg3 Qg5 14. Qe2 f4 15. Nf3 Qg4
16. Bf2 Qxg2 17. Rg1 Qh3 18. exf4 O-O-O 19. O-O-O exf4 20. Ng5 Qh6 21. Nf7 f3+ 22.
Qd2 Qxd2+ 23. Rxd2 Be7 24. Nxh8 Rxh8 25. Rxg7 Be6 26. Nd5 Bxd5 27. exd5 Bf6 28. Rf7
Bg5 29. dxc6 Rd8 30. Rfd7 Rxd7 31. cxd7+ Kd8 32. Kd1 Bxd2 33. Kxd2  1-0

[Event "1. OEsterreichische Internet Schach Meisterschaft - Vorrunde 3"]
[Site "Online - Playchess.com"]
[Date ""]
[Round "9"]
[Board "5"]
[White "Froewis, Annika"]
[Black "Kuba, Guenther"]
[Result "1/2-1/2"]
[WhiteElo "2136"]
[BlackElo "2348"]
[PlyCount "61"]
[EventDate "2020.04.17"]
[EventRounds "9"]
[EventCountry "AUT"]

1. e4 e5 2. Nf3 Nc6 3. Bc4 Bc5 4. c3 Nf6 5. d3 a6 6. Bb3 Ba7 7. Nbd2 h6 8. h3 O-O
9. Nf1 d5 10. exd5 Nxd5 11. Ng3 Nf6 12. O-O Qd6 13. Re1 Bd7 14. Bc2 Rad8 15. Nh4
Ne7 16. Qf3 Bc6 17. Qe2 Rfe8 18. Bd2 Ned5 19. Rad1 Nf4 20. Bxf4 exf4 21. Ne4 Nxe4
22. dxe4 Qf6 23. Nf3 g6 24. Rxd8 Rxd8 25. Bb3 Kg7 26. e5 Qf5 27. e6 fxe6 28. Bxe6
Qf6 29. Bb3 Re8 30. Qd2 Rd8 31. Qe2  1/2-1/2

[Event "1. OEsterreichische Internet Schach Meisterschaft - Vorrunde 3"]
[Site "Online - Playchess.com"]
[Date ""]
[Round "9"]
[Board "6"]
[White "Diermair, Andreas"]
[Black "Frank, Emanuel"]
[Result "1/2-1/2"]
[WhiteElo "2465"]
[BlackElo "2271"]
[PlyCount "50"]
[EventDate "2020.04.17"]
[EventRounds "9"]
[EventCountry "AUT"]

1. d4 d5 2. c4 e6 3. Nc3 Be7 4. cxd5 exd5 5. Bf4 c6 6. e3 Bf5 7. Nge2 Nf6 8. Ng3
Bg6 9. h4 h5 10. Bd3 Bxd3 11. Qxd3 g6 12. O-O-O O-O 13. Kb1 Nbd7 14. f3 b5 15. e4
b4 16. Nce2 dxe4 17. Nxe4 Nd5 18. Bh6 Re8 19. g4 N7f6 20. N2g3 hxg4 21. Ng5 Nf4 22.
Qd2 Bd6 23. Nxf7 Kxf7 24. Bxf4 Bxf4 25. Qxf4 Qb8  1/2-1/2

[Event "1. OEsterreichische Internet Schach Meisterschaft - Vorrunde 3"]
[Site "Online - Playchess.com"]
[Date ""]
[Round "9"]
[Board "7"]
[White "Schreiner, Peter"]
[Black "Huber, Martin Christian"]
[Result "1-0"]
[WhiteElo "2440"]
[BlackElo "2341"]
[PlyCount "149"]
[EventDate "2020.04.17"]
[EventRounds "9"]
[EventCountry "AUT"]

1. d4 Nf6 2. Nf3 g6 3. Nbd2 c5 4. dxc5 Qa5 5. a3 Qxc5 6. b4 Qc7 7. Bb2 Bg7 8. c4
O-O 9. g3 b6 10. Bg2 Bb7 11. O-O d6 12. Qb3 Nbd7 13. Rfc1 a5 14. Nf1 axb4 15. axb4
Rxa1 16. Rxa1 Ra8 17. Rc1 Bc6 18. Nd4 Bxg2 19. Kxg2 e5 20. Nf3 Bh6 21. Rd1 Rc8 22.
Bc1 Bxc1 23. Rxc1 d5 24. N1d2 dxc4 25. Rxc4 Qb7 26. Rxc8+ Qxc8 27. Nc4 Qc6 28. Kg1
Qd5 29. Qc2 e4 30. Nfd2 Qd4 31. Qa4 Kg7 32. Qc6 Qa1+ 33. Kg2 Qd4 34. e3 Qd3 35. Qd6
Qc2 36. Qd4 Kg8 37. Nd6 Qc6 38. h3 Qd5 39. N2xe4 Qxd4 40. exd4 Nd5 41. b5 f5 42.
Nd2 Nc3 43. N2c4 Kf8 44. Kf3 Ke7 45. Ke3 Ke6 46. Kd3 Nd5 47. Nc8 Nb4+ 48. Kd2 Nd5
49. f3 Kf7 50. Ne5+ Nxe5 51. dxe5 f4 52. gxf4 Ke6 53. Ke1 Kf5 54. Kf2 Ke6 55. Kg3
Kf5 56. Nd6+ Ke6 57. h4 Ne3 58. Ne4 Nf5+ 59. Kh3 h6 60. h5 gxh5 61. Ng3 Nd4 62. Nxh5
Nxb5 63. Kg4 Nd4 64. Ng7+ Kf7 65. Nh5 b5 66. f5 b4 67. Nf4 b3 68. Nd3 Ne2 69. Nb2
Nd4 70. f4 Ke7 71. Nc4 Ne2 72. Nb2 Nd4 73. f6+ Ke6 74. Nd3 Ne2 75. Nc5+  1-0

[Event "1. OEsterreichische Internet Schach Meisterschaft - Vorrunde 3"]
[Site "Online - Playchess.com"]
[Date ""]
[Round "9"]
[Board "8"]
[White "Poetz, Florian"]
[Black "Enoeckl, Philipp"]
[Result "1/2-1/2"]
[WhiteElo "2422"]
[BlackElo "2276"]
[PlyCount "100"]
[EventDate "2020.04.17"]
[EventRounds "9"]
[EventCountry "AUT"]

1. b3 e5 2. Bb2 d6 3. g3 g6 4. Bg2 Bg7 5. e3 Nc6 6. c4 Bd7 7. d3 f5 8. Ne2 Nf6 9.
a3 O-O 10. b4 Qe7 11. Nbc3 Nd8 12. Nd5 Nxd5 13. cxd5 Nf7 14. Rc1 Rac8 15. Qb3 a6
16. a4 h5 17. h4 Nh6 18. d4 e4 19. Nf4 Kh7 20. b5 axb5 21. axb5 Ng4 22. Ke2 Bh6 23.
Nh3 Qe8 24. b6 Bb5+ 25. Kd2 c6 26. dxc6 bxc6 27. Ba3 Qd7 28. Rc3 Rb8 29. Qb4 Rfd8
30. Rhc1 Rxb6 31. Qa5 Qb7 32. Bf1 Ra6 33. Qxd8 Bxf1 34. Rxf1 Rxa3 35. Rfc1 Rxc3 36.
Rxc3 Qb2+ 37. Rc2 Qb4+ 38. Ke2 Qb5+ 39. Ke1 Qb1+ 40. Kd2 Qb4+ 41. Rc3 c5 42. Qe7+
Bg7 43. Ng5+ Kh6 44. Ne6 Qb2+ 45. Rc2 Qb4+ 46. Kd1 Qb1+ 47. Kd2 Qb4+ 48. Ke2 Qb5+
49. Ke1 Qb1+ 50. Kd2 Qb4+  1/2-1/2

[Event "1. OEsterreichische Internet Schach Meisterschaft - Vorrunde 3"]
[Site "Online - Playchess.com"]
[Date ""]
[Round "9"]
[Board "9"]
[White "Kruckenhauser, Arthur"]
[Black "Freitag, Manfred"]
[Result "1-0"]
[WhiteElo "2233"]
[BlackElo "2356"]
[PlyCount "41"]
[EventDate "2020.04.17"]
[EventRounds "9"]
[EventCountry "AUT"]

1. e4 e5 2. Nf3 Nc6 3. Bc4 Nf6 4. d3 h6 5. c3 Bc5 6. a4 d6 7. h3 a6 8. Nbd2 O-O 9.
g4 d5 10. exd5 Nxd5 11. Ne4 Be7 12. g5 Nf4 13. Bxf4 exf4 14. gxh6 gxh6 15. Rg1+ Kh8
16. Nfg5 Bxg5 17. Nxg5 Ne5 18. Qh5 Qf6 19. Ne4 Qb6 20. Qxe5+ f6 21. Qe7  1-0

[Event "1. OEsterreichische Internet Schach Meisterschaft - Vorrunde 3"]
[Site "Online - Playchess.com"]
[Date ""]
[Round "9"]
[Board "10"]
[White "Mittelberger, Peter"]
[Black "Rieger, Robert"]
[Result "0-1"]
[WhiteElo "2176"]
[BlackElo "2307"]
[PlyCount "70"]
[EventDate "2020.04.17"]
[EventRounds "9"]
[EventCountry "AUT"]

1. c4 c6 2. Nc3 d5 3. e3 Nf6 4. d4 a6 5. cxd5 cxd5 6. a3 Nc6 7. Nf3 Bg4 8. Be2 e6
9. O-O Bd6 10. h3 Bh5 11. Bd2 Rg8 12. Rc1 Bc7 13. Ne1 Qd6 14. g3 Bg6 15. Bf3 h5 16.
Ng2 Bf5 17. h4 Bg4 18. Nf4 g5 19. hxg5 Rxg5 20. Kg2 h4 21. Rh1 Bxf3+ 22. Qxf3 hxg3
23. fxg3 O-O-O 24. Rh6 Ng4 25. Ncxd5 Nxh6 26. Nxc7 Qxc7 27. Bb4 Rdg8 28. d5 Rxg3+
29. Qxg3 Rxg3+ 30. Kxg3 Nf5+ 31. Kf3 exd5 32. Rg1 Qe5 33. Rg8+ Kd7 34. Bc5 Qe4+ 35.
Kf2 d4  0-1

[Event "1. OEsterreichische Internet Schach Meisterschaft - Vorrunde 3"]
[Site "Online - Playchess.com"]
[Date ""]
[Round "9"]
[Board "11"]
[White "Schweda, Roland"]
[Black "Schernthaner, David"]
[Result "1/2-1/2"]
[WhiteElo "2449"]
[BlackElo "2220"]
[PlyCount "121"]
[EventDate "2020.04.17"]
[EventRounds "9"]
[EventCountry "AUT"]

1. d4 Nf6 2. c4 g6 3. Nc3 d5 4. cxd5 Nxd5 5. Bd2 Bg7 6. e4 Nb6 7. Be3 O-O 8. Be2
e5 9. Nf3 exd4 10. Bxd4 Bxd4 11. Qxd4 c6 12. h4 Qxd4 13. Nxd4 N8d7 14. h5 Ne5 15.
h6 Rd8 16. O-O-O Bd7 17. f3 Be8 18. g4 a6 19. b3 c5 20. Nc2 c4 21. Nd4 cxb3 22. axb3
Rac8 23. Kb2 Nc6 24. Nc2 Kf8 25. f4 Ne7 26. g5 Bc6 27. Bg4 Ra8 28. Nd4 a5 29. Rhe1
a4 30. Nxa4 Nxa4+ 31. bxa4 Bxa4 32. Rd2 Nc6 33. Nf3 Rxd2+ 34. Nxd2 Nb4 35. Re3 Bc6
36. Kb3 Na6 37. Rc3 Rd8 38. Rc2 Rd4 39. Kc3 Bxe4 40. Kxd4 Bxc2 41. Bc8 Nc7 42. Bxb7
Ne6+ 43. Ke5 Ke7 44. Nf3 Bd1 45. Bd5 Bxf3 46. Bxf3 Nc5 47. Be2 Nd7+ 48. Kd5 f6 49.
Bd3 fxg5 50. fxg5 Nf8 51. Ke5 Ne6 52. Bxg6 Nxg5 53. Bh5 Nf7+ 54. Bxf7 Kxf7 55. Kf5
Kg8 56. Kf6 Kh8 57. Ke6 Kg8 58. Ke7 Kh8 59. Ke8 Kg8 60. Ke7 Kh8 61. Kf7  1/2-1/2

[Event "1. OEsterreichische Internet Schach Meisterschaft - Vorrunde 3"]
[Site "Online - Playchess.com"]
[Date ""]
[Round "9"]
[Board "12"]
[White "Alvir, Aco"]
[Black "Pali, Philipp"]
[Result "0-1"]
[WhiteElo "2338"]
[BlackElo "2245"]
[PlyCount "46"]
[EventDate "2020.04.17"]
[EventRounds "9"]
[EventCountry "AUT"]

1. e4 e6 2. d4 d5 3. Nc3 Bb4 4. e5 c5 5. Bd2 Nh6 6. dxc5 Nd7 7. Nf3 Nxc5 8. a3 Bxc3
9. Bxc3 Ne4 10. Bd4 Nf5 11. Bd3 Nxd4 12. Nxd4 Qb6 13. Bxe4 dxe4 14. O-O Bd7 15. b4
Qc7 16. Qh5 h6 17. Rfd1 g6 18. Qh4 Qxe5 19. c4 h5 20. f4 exf3 21. Nxf3 Qe3+ 22. Kh1
Bc6 23. Ne5 Qxe5  0-1

[Event "1. OEsterreichische Internet Schach Meisterschaft - Vorrunde 3"]
[Site "Online - Playchess.com"]
[Date ""]
[Round "9"]
[Board "13"]
[White "Frank, Paul"]
[Black "Sadilek, Peter"]
[Result "1/2-1/2"]
[WhiteElo "2208"]
[BlackElo "2340"]
[PlyCount "98"]
[EventDate "2020.04.17"]
[EventRounds "9"]
[EventCountry "AUT"]

1. Nf3 g6 2. g3 Bg7 3. d4 Nf6 4. Bg2 O-O 5. O-O c6 6. c4 d6 7. Nc3 Qa5 8. e4 e5 9.
h3 Nbd7 10. Be3 Nb6 11. Nd2 exd4 12. Bxd4 c5 13. Be3 Be6 14. Nb3 Qb4 15. Qxd6 Nxc4
16. Qxc5 Qxc5 17. Bxc5 Rfd8 18. Nd4 Nd7 19. Nxe6 fxe6 20. Be7 Re8 21. Bg5 Nxb2 22.
Rac1 Nd3 23. Rc2 Rac8 24. Rd1 Nb4 25. Re2 Ne5 26. Nb5 h6 27. Be3 a6 28. Nd6 Red8
29. Red2 Rc2 30. Nxb7 Rdxd2 31. Rxd2 Rxd2 32. Bxd2 Nxa2 33. Nc5 Nc4 34. Be1 a5 35.
Nxe6 Bb2 36. f4 a4 37. e5 Ne3 38. Bc6 a3 39. Kf2 Nb4 40. Nc5 a2 41. Nb3 Nd3+ 42.
Kxe3 Nxe1 43. Be4 a1=Q 44. Nxa1 Bxa1 45. g4 Bc3 46. Ke2 Kg7 47. f5 gxf5 48. gxf5
Bxe5 49. Kxe1 Kf6  1/2-1/2